Dominating Country Borders - Statistics

General Stats
  • This quiz has been taken 306 times
  • The average score is 12 of 22
Answer Stats
Country % Correct
Canada
94%
United States
94%
United Kingdom
75%
Ireland
74%
Argentina
72%
Chile
72%
Portugal
71%
Spain
71%
Dominican Republic
66%
Haiti
65%
Indonesia
64%
Malaysia
63%
Norway
61%
Sweden
61%
Panama
37%
Costa Rica
36%
Honduras
33%
Nicaragua
33%
Croatia
21%
Bosnia and Herzegovina
20%
Armenia
18%
Azerbaijan
17%
No matching quizzes found
Score Distribution
Percent of People with Each Score
Percentile by Number Answered
Your Score History
You have not taken this quiz